| 000 | 01216nam a22002897a 4500 | ||
|---|---|---|---|
| 999 |
_c63844 _d63844 |
||
| 005 | 20240530110701.0 | ||
| 008 | 171225s2015 ua a f b 000 0dara d | ||
| 017 |
_a2012/17477 _bمصر. دار الكتب |
||
| 020 | _a9789774480652 | ||
| 040 |
_aEG-CaGPL _cEG-CaGPL |
||
| 082 | 0 | 4 |
_221 _a962.052 _bق/أ ح |
| 100 | 0 | _aاحمد شفيق باشا | |
| 245 | 1 | 0 |
_aحوليات مصر السياسية / _cتأليف احمد شفيق باشا ؛ تقديم ودراسة احمد زكريا الشلق |
| 250 | _aط.2 | ||
| 260 |
_aالقاهرة : _bالهيئة المصرية العامة للكتاب ، _c2012 . |
||
| 300 |
_a7جزء ؛ _c24 سم. |
||
| 490 | 0 | _aتراث النهضة | |
| 600 | 0 | _aاحمد شفيق باشا | |
| 650 | 0 | 7 |
_2qrmak _aمذبحة الاسكندرية |
| 651 | 0 | 7 |
_2qrmak _aمصر _xالاحوال السياسية |
| 651 | 0 | 7 |
_2qrmak _aمصر _xتاريخ _xالعصر الحديث _yعباس حلمى الثانى |
| 651 | 0 | 7 |
_2qrmak _aمصر _xالاحزاب السياسية |
| 651 | 0 | 7 |
_2qrmak _aمصر _xحزب الوفد |
| 700 | 0 |
_aاحمد زكريا الشلق _eمقدم ودارس |
|
| 942 |
_2ddc _cBK |
||